| 000 | 00719nam a2200169 a 4500 | ||
|---|---|---|---|
| 001 | 000044038 | ||
| 005 | 20201002045117.0 | ||
| 008 | 140513s20uu dr 000 0 spa d | ||
| 040 |
_aDO-SdBNP _bspa _cBNPHU |
||
| 100 | 1 |
_aPellerano Gómez, Juan Ml. _911850 |
|
| 245 | 1 | 0 | _aVisión y misión del juez. |
| 260 |
_a[Santo Domingo] : _bEscuela Nacional de la Judicatura, _c[200?]. |
||
| 300 |
_a15 p. ; _c22 cm. |
||
| 500 | _aIncluye notas al pie de las páginas | ||
| 500 | _aCharla dictada en la entrega del premio al Segundo Concurso Nacional de Ensayos judiciales para los jueces el 1 de marzo del 2001 / Por el Dr. Juan Ml. Pellerano Gómez | ||
| 710 | 2 |
_aEscuela Nacional de la Judicatura(República Dominicana) _972016 |
|
| 999 |
_c43527 _d43527 |
||